[Event "Test SRR"]
[Site "SchemingMind.com"]
[Date "2014.03.08"]
[Round "-"]
[White "Don71"]
[Black "The Stonewall"]
[Result "1/2-1/2"]
[WhiteCountry "NIR"]
[BlackCountry "ENG"]
[WhiteElo "2312"]
[WhiteRD "96"]
[BlackElo "2468"]
[BlackRD "95"]
[GameID "349119"]

1. e4 e6 2. d4 d5 3. Nc3 Bb4 4. e5 c5 5. a3 Bxc3+ 6. bxc3 Qa5 7. Bd2 Qa4 8. Qb1 c4 9. Be2 Nc6 10. Qb2 Nge7
11. Bh5 O-O 12. Ne2 b6 13. O-O Bb7 14. Rab1 Nf5 15. Ng3 Nce7 16. Bg4 Bc6 17. Nxf5 Nxf5 18. Rfe1 Rab8 19. Re2 Bd7 20. Ra1 Rbc8
21. Bh5 Rc7 22. Bf4 Rb7 23. Bg4 Re8 24. Rb1 Qc6 25. Qa2 Rd8 26. Bg5 Rf8 27. Ra1 Re8 28. a4 a5 29. Ree1 b5 30. axb5 Rxb5
31. Bh5 Reb8 32. Qa3 h6 33. Bf4 Qb6 34. Bc1 Qd8 35. Be2 Ne7 36. Qa2 R8b7 37. Ba3 Nf5 38. Reb1 Qb8 39. Rxb5 Rxb5 40. Rd1 Bc6
41. g3 Bd7 42. Bg4 Rb7 43. Bf3 Be8 44. Bg2 a4 45. Bb4 Bc6 46. Qa3 Qd8 47. Bc5 Qg5 48. h3 Qd8 49. h4 Qd7 50. Qa2 Qc7
51. Rb1 Rxb1+ 52. Qxb1 Qb7 53. Qc1 Ne7 54. h5 Be8 55. f4 Nc6 56. g4 Qb5 57. Kf2 Bd7 58. Bf3 Bc8 59. Be2 Qa5 60. Qb2 Kh8
61. g5 Kh7 62. gxh6 Kxh6 63. Qa1 Bd7 64. Qg1 Qd8 65. Bf3 Qh4+ 66. Ke3 Qd8 67. Ke2 Bc8 68. Qg2 Bb7 69. Kd1 Bc8 70. Kc1 Bd7
71. f5 Qg5+ 72. Qxg5+ Kxg5 73. Bf8 Kxf5 74. Bxg7 Ne7 75. Kb2 Ng8 76. Ka3 Kg5 77. Bf8 f5 78. exf6 Kxf6 79. Bd6 Kg5=
1/2-1/2

[Event "Test SRR"]
[Site "SchemingMind.com"]
[Date "2014.03.10"]
[Round "-"]
[White "The Stonewall"]
[Black "Clive Everill"]
[Result "1-0"]
[WhiteCountry "ENG"]
[BlackCountry "CZE"]
[WhiteElo "2421"]
[WhiteRD "86"]
[BlackElo "1674"]
[BlackRD "54"]
[GameID "349120"]

1. d4 Nf6 2. c4 c5 3. d5 g6 4. Nc3 Bg7 5. e4 O-O 6. Be2 e5 7. Bg5 d6 8. Qd2 a6 9. a4 Nbd7 10. Nf3 Qa5
11. O-O Nh5 12. Ra3 f6 13. Be3 Nb6 14. g3 Bd7 15. Qd1 Rae8 16. Bd2 Na8 17. Nb5 Qb6 18. a5 Qd8 19. Nxd6 Re7 20. b4 Bh3
21. bxc5 Bxf1 22. Qxf1 Qc7 23. Bb4 Rd7 24. Nh4 Qd8 25. Bxh5 gxh5 26. Nhf5 Nc7 27. Nxb7 Qc8 28. c6 Rff7 29. cxd7 Qxd7 30. Nbd6 Rf8
31. Nxg7 Kxg7 32. Nf5+ Kf7 33. Bxf8 Kxf8 34. Qc1 Ke8 35. Qh6 Kd8 36. Qxf6+ Kc8 37. Ne7+ Kb8 38. Qb6+ Ka8 39. Nc6
1-0

[Event "Test SRR"]
[Site "SchemingMind.com"]
[Date "2014.03.08"]
[Round "-"]
[White "The Stonewall"]
[Black "maro"]
[Result "1-0"]
[WhiteCountry "ENG"]
[BlackCountry "MEX"]
[WhiteElo "2430"]
[WhiteRD "90"]
[BlackElo "1423"]
[BlackRD "58"]
[GameID "349121"]

1. d4 d5 2. Bf4 Nc6 3. Nf3 e6 4. c4 Qe7 5. cxd5 exd5 6. Nc3 Nf6 7. e3 Bd7 8. Bxc7 Qb4 9. a3 Qxb2 10. Na4 Bb4+
11. axb4 Qxb4+ 12. Nd2 O-O 13. Be2 Qe7 14. Bf4 b5 15. Nc5 a6 16. Rxa6 Rxa6 17. Nxa6 Nb4 18. Nc5 Bf5 19. O-O Nc6 20. Bxb5 Nb4
21. Qb3 Nd3 22. Bxd3 Rd8 23. Bxf5
1-0

[Event "Test SRR"]
[Site "SchemingMind.com"]
[Date "2014.03.08"]
[Round "-"]
[White "Phillip Beckett"]
[Black "The Stonewall"]
[Result "0-1"]
[WhiteCountry "ENG"]
[BlackCountry "ENG"]
[WhiteElo "1517"]
[WhiteRD "50"]
[BlackElo "2421"]
[BlackRD "86"]
[GameID "349122"]

1. d4 e6 2. e3 f5 3. Bd3 Nf6 4. f4 b6 5. Nf3 Bb7 6. O-O c5 7. c3 Nc6 8. Nbd2 Be7 9. Ne5 O-O 10. Ndf3 d6
11. Nxc6 Bxc6 12. Qe2 Qd7 13. Bd2 Ne4 14. Bxe4 Bxe4 15. Be1 Rac8 16. Nd2 Bb7 17. Rd1 Qa4 18. a3 Ba6 19. c4 Qc2 20. Rf2 Qxb2
21. dxc5 Rxc5 22. Nb1 Qxe2 23. Rxe2 Rxc4 24. Red2 Rfc8 25. Kf2 Bb7 26. Rd4 Rxd4 27. exd4 Rc2+ 28. Nd2 Bf6 29. Ke3 Rc3+ 30. Ke2 Ba6+
31. Kf2 Bxd4#
0-1

[Event "Test SRR"]
[Site "SchemingMind.com"]
[Date "2014.03.08"]
[Round "-"]
[White "The Stonewall"]
[Black "ampp"]
[Result "1-0"]
[WhiteCountry "ENG"]
[BlackCountry "POR"]
[WhiteElo "2421"]
[WhiteRD "86"]
[BlackElo "1287"]
[BlackRD "67"]
[GameID "349123"]

1. d4 d5 2. Nf3 Nc6 3. e3 Nf6 4. c4 dxc4 5. Bxc4 e6 6. O-O Bb4 7. Nc3 a6 8. a3 Bxc3 9. bxc3 O-O 10. Qc2 b5
11. Bd3 Ne7 12. e4 Bb7 13. e5 Nfd5 14. Bxh7+ Kh8 15. Bd3 g6 16. Qd2 Ng8 17. Be4 c6 18. Re1 f5 19. exf6 Rxf6 20. Qd3 Nde7
21. Bg5 Qf8 22. Bxf6+ Nxf6 23. Ne5 Nxe4 24. Rxe4 c5 25. Rh4+ Kg8 26. Nxg6 Qf7 27. Nxe7+ Qxe7 28. Qg6+ Qg7 29. Qxe6+ Kf8 30. Rf4+
1-0

[Event "Test SRR"]
[Site "SchemingMind.com"]
[Date "2014.03.08"]
[Round "-"]
[White "The Stonewall"]
[Black "Chessibelle"]
[Result "1-0"]
[WhiteCountry "ENG"]
[BlackCountry "ENG"]
[WhiteElo "2421"]
[WhiteRD "86"]
[BlackElo "1189"]
[BlackRD "58"]
[GameID "349124"]

1. d4 d5 2. Nc3 Nf6 3. Bg5 e6 4. Nf3 h6 5. Bh4 g5 6. Bg3 Nc6 7. e3 Ne4 8. Nxe4 dxe4 9. Nd2 Bg7 10. Nxe4 Qd5
11. Nc3 Qd7 12. h4 O-O 13. hxg5 Rd8 14. gxh6 Bh8 15. h7+ Kf8 16. Qg4 Ne7 17. Be5 f6 18. Bxf6 Kf7 19. Bxh8 Rxh8 20. Rh6 Nf5
21. Qg6+ Ke7 22. Qf6+ Kd6 23. Qxh8 Kc6 24. Bb5+
1-0